NCAA Wrestling - Dan Hodge Award Winners - Statistics

General Stats
  • This quiz has been taken 168 times
    147 since last reset
  • The average score is 14 of 31
Answer Stats
Year Wrestler School % Correct
2021 Spencer Lee Iowa
97%
2020 Spencer Lee Iowa
97%
2022 Gable Steveson Minnesota
86%
2021 Gable Steveson Minnesota
86%
2019 Bo Nickal Penn St
84%
2013 Kyle Dake Cornell
76%
2002 Cael Sanderson Iowa St
67%
2001 Cael Sanderson Iowa St
67%
2000 Cael Sanderson Iowa St
67%
2014 David Taylor Penn St
63%
2012 David Taylor Penn St
63%
2023 Mason Paris Michigan
60%
2011 Jordan Burroughs Nebraska
59%
2015 Logan Stieber Ohio St
51%
2018 Zain Retherford Penn St
46%
2017 Zain Retherford Penn St
46%
2007 Ben Askren Missouri
43%
2006 Ben Askren Missouri
43%
2016 Alex Dieringer Oklahoma St
31%
2008 Brent Metcalf Iowa
30%
2010 Jayson Ness Minnesota
23%
1999 Stephen Neal Cal St Bakersfield
21%
2009 Jake Herbert Northwestern
19%
1997 Kerry McCoy Penn St
16%
1998 Mark Ironside Iowa
16%
2005 Steve Mocco Oklahoma St
13%
2003 Eric Larkin Arizona St
11%
2001 Nick Ackerman Simpson College
9%
2004 Emmett Wilson Montana St-Northern
7%
1996 Les Gutches Oregon St
7%
1995 TJ Jaworsky UNC
7%
No matching quizzes found
Score Distribution
Percent of People with Each Score
Percentile by Number Answered
Your Score History
You have not taken this quiz since the last reset